<?xml version="1.0" encoding="UTF-8"?>
<collection xmlns="http://www.loc.gov/MARC21/slim">
 <record>
  <leader>05311nam a2200301 a 4500</leader>
  <controlfield tag="001">kal1633</controlfield>
  <controlfield tag="003">Gr-AtHEAL</controlfield>
  <controlfield tag="005">20160421082150.0</controlfield>
  <controlfield tag="006">m        d        </controlfield>
  <controlfield tag="008">160413s2015    gr      s           gre|c</controlfield>
  <datafield tag="040" ind1=" " ind2=" ">
   <subfield code="a">GR-AtHEAL</subfield>
   <subfield code="b">gre</subfield>
   <subfield code="c">GR-AtHEAL</subfield>
  </datafield>
  <datafield tag="082" ind1="0" ind2="4">
   <subfield code="a">305.8</subfield>
   <subfield code="2">23</subfield>
  </datafield>
  <datafield tag="100" ind1="1" ind2=" ">
   <subfield code="a">Πανταζής, Βασίλειος.</subfield>
   <subfield code="8">350</subfield>
  </datafield>
  <datafield tag="245" ind1="1" ind2="0">
   <subfield code="a">Αντιρατσιστική εκπαίδευση</subfield>
   <subfield code="h">[Ηλεκτρονικός πόρος] </subfield>
   <subfield code="b">Σχολείο χωρίς ρατσισμό - σχολείο με ανετικότητα</subfield>
   <subfield code="c">Πανταζής, Βασίλειος ; Κριτικός αναγνώστης,Βρεττός, Ιωάννης ; Γραφιστική επιμέλεια,Λουκέρη,Σοφία ; Γλωσσική επιμέλεια,Βλάχου,Φωτεινή.</subfield>
  </datafield>
  <datafield tag="260" ind1=" " ind2=" ">
   <subfield code="a">Αθήνα :</subfield>
   <subfield code="b">Σύνδεσμος Ελληνικών Ακαδημαϊκών Βιβλιοθηκών,</subfield>
   <subfield code="c">c2015.</subfield>
  </datafield>
  <datafield tag="490" ind1=" " ind2=" ">
   <subfield code="a">Ακαδημαϊκά Ηλεκτρονικά Συγγράμματα και Βοηθήματα Κάλλιπος</subfield>
   <subfield code="8">40</subfield>
  </datafield>
  <datafield tag="520" ind1=" " ind2=" ">
   <subfield code="a">Οι μεταναστευτικές κινήσεις στο εσωτερικό των χωρών υποδοχής προκαλούν σε πολλούς πολίτες αβεβαιότητα και αγανάκτηση. Αφήνουν να εμφανισθούν αισθήματα απειλής και συγκεχυμένου φόβου. Πολλοί από τους ντόπιους αντιλαμβάνονται τις δημογραφικές αλλαγές ως απειλή και αντιδρούν με εχθρότητα, μίσος, φόβο και βία κατά του «ξένου». Περιπτώσεις μορφών βίας είναι μόνο η κορυφή του παγόβουνου ενός καθημερινού ρατσισμού.Ο ρατσισμός ως κοσμοθεωρία ξεκινά από τη βασική αρχή ότι οι φυλές και τα έθνη αποτελούν μονάδες με διαφορετικά μεταξύ τους χαρακτηριστικά και ξεχωριστές δυνατότητες ανάπτυξης σε όλους τους τομείς της ζωής. Σύμφωνα με τη θεωρία αυτή οι πολιτισμοί που εμφανίστηκαν στη γη ήταν προϊόντα ιδιαίτερων λαών συγκεκριμένης φυλής και καταστράφηκαν όταν οι λαοί αυτοί υποτάχθηκαν σε αλλόφυλους λαούς ή αναμίχθηκαν με άλλους λαούς. Γι’ αυτό το λόγο η ιστορία της ανθρωπότητας περιγράφεται και ερμηνεύεται μόνον ως ιστορία της άνισης ανάπτυξης κάθε φυλής χωριστά και ως σύγκρουση των φυλών μεταξύ τους. Είναι σημαντικό για την αντιμετώπιση των καθημερινών μορφών αποκλεισμού, να γίνει ορατή η «λανθάνουσα» εμπλοκή κάθε μέλους της κοινωνίας μας σε μια ιστορία της αποικιοκρατίας, του ρατσισμού, του ναζισμού και της ευρωπαϊκής «ανωτερότητας». Η αντιρατσιστική παιδαγωγική δεν επιδιώκει την εξάλειψη των επιφανειακών συμπτωμάτων, αλλά έχει να κάνει με τις αιτίες και τις ρίζες του ρατσισμού. Αντιρατσιστική εκπαίδευση δεν είναι δυνατή χωρίς την πρόσβαση στη συστημική φύση της ρατσιστικής βίας. Στόχος εκπαιδευτικών προσπαθειών δεν μπορεί να είναι η καταστολή της ατομικής συμπεριφοράς ή η βελτίωσή της, αλλά η απόκτηση γνώσεων σχετικά με τους μηχανισμούς του αποκλεισμού και αυτούς να αλλάξει.</subfield>
  </datafield>
  <datafield tag="650" ind1=" " ind2="0">
   <subfield code="a">Racism</subfield>
   <subfield code="x">Study and teaching</subfield>
   <subfield code="8">1731</subfield>
  </datafield>
  <datafield tag="650" ind1=" " ind2="0">
   <subfield code="x">Multicultural Education</subfield>
   <subfield code="z">Greece</subfield>
   <subfield code="8">1910</subfield>
  </datafield>
  <datafield tag="653" ind1=" " ind2=" ">
   <subfield code="a">Ρατσισμός εθνοκεντρισμός ανθρώπινα δικαιώματα σχολείο εκπαίδευση</subfield>
  </datafield>
  <datafield tag="653" ind1=" " ind2=" ">
   <subfield code="a">Εκπαίδευση και επιστήμες της αγωγής</subfield>
   <subfield code="a">Εκπαιδευτικός σχεδιασμός και οργάνωση</subfield>
  </datafield>
  <datafield tag="653" ind1=" " ind2=" ">
   <subfield code="a">Εκπαίδευση και επιστήμες της αγωγής</subfield>
   <subfield code="a">Θεωρία της εκπαίδευσης (ευρείες εκπαιδευτικές έννοιες)</subfield>
   <subfield code="a">Εκπαιδευτικές μέθοδοι</subfield>
  </datafield>
  <datafield tag="700" ind1="1" ind2=" ">
   <subfield code="a">Βρεττός, Ιωάννης</subfield>
   <subfield code="e">Κριτικός αναγνώστης</subfield>
   <subfield code="8">360</subfield>
  </datafield>
  <datafield tag="856" ind1="4" ind2="0">
   <subfield code="u">http://hdl.handle.net/11419/1633</subfield>
   <subfield code="z">Πλήρες Κείμενο - Full text</subfield>
  </datafield>
  <datafield tag="907" ind1=" " ind2=" ">
   <subfield code="a">.b25677093</subfield>
   <subfield code="b">12-06-18</subfield>
   <subfield code="c">29-07-16</subfield>
  </datafield>
  <datafield tag="949" ind1=" " ind2=" ">
   <subfield code="0">0</subfield>
   <subfield code="1">0</subfield>
   <subfield code="2">ddc</subfield>
   <subfield code="4">0</subfield>
   <subfield code="6">305_800000000000000_ΠΑΝ</subfield>
   <subfield code="7">0</subfield>
   <subfield code="8">KALL</subfield>
   <subfield code="8">467</subfield>
   <subfield code="d">2016-04-13</subfield>
   <subfield code="r">2016-04-13</subfield>
   <subfield code="w">2016-04-13</subfield>
   <subfield code="z">305.8 ΠΑΝ</subfield>
   <subfield code="o">SEAB KALLIPOS</subfield>
  </datafield>
  <datafield tag="998" ind1=" " ind2=" ">
   <subfield code="a">80</subfield>
   <subfield code="a">01</subfield>
   <subfield code="a">02</subfield>
   <subfield code="a">03</subfield>
   <subfield code="a">04</subfield>
   <subfield code="a">05</subfield>
   <subfield code="a">07</subfield>
   <subfield code="a">08</subfield>
   <subfield code="a">09</subfield>
   <subfield code="a">10</subfield>
   <subfield code="a">11</subfield>
   <subfield code="a">12</subfield>
   <subfield code="a">13</subfield>
   <subfield code="a">14</subfield>
   <subfield code="a">15</subfield>
   <subfield code="a">16</subfield>
   <subfield code="a">17</subfield>
   <subfield code="a">18</subfield>
   <subfield code="a">19</subfield>
   <subfield code="a">20</subfield>
   <subfield code="a">21</subfield>
   <subfield code="a">22</subfield>
   <subfield code="a">23</subfield>
   <subfield code="a">24</subfield>
   <subfield code="a">25</subfield>
   <subfield code="a">26</subfield>
   <subfield code="b">15-06-09</subfield>
   <subfield code="c">m</subfield>
   <subfield code="d">z  </subfield>
   <subfield code="e">-</subfield>
   <subfield code="f">gre</subfield>
   <subfield code="g">gr </subfield>
   <subfield code="h">0</subfield>
  </datafield>
  <datafield tag="942" ind1=" " ind2=" ">
   <subfield code="2">ddc</subfield>
   <subfield code="c">KALLIPOS</subfield>
  </datafield>
 </record>
</collection>
